00655nam a22001577a 4500003000900000008004100009020000900050040007100059082002100130245004800151260007300199300002600272505016700298650001900465650001300484AR-CdUCM190307b ||||| |||| 00| 0 esp d aISBN aMUNICIPALIDAD PROVINCIAL DEL CUSCOcBIBLIOTECA MUNICIPAL DEL CUSCO a869.56038 /bE 1 aPremio COPÉ de cuentos 1979 /cPETROPERU. aLima :bDepartamento de Relaciones Públicas de PetroPerú,c1981. a333 paginas ;c11 cm. aActa del jurado -- El Gerente, por Carlos A. Bravo Espinoza -- No sueñes con palomas, por Eduardo Gonzales Viaña -- De todas maneras quiero ir a la Gloria ... aCuento peruano aSiglo XX